000 00435nam a22001697a 4500
005 20251209120402.0
008 251209b |||||||| |||| 00| 0 eng d
037 _cTB
040 _aAL
_cAL
041 _2ENG
_aENG
245 _aNational seminar on the status of women in Islam
260 _bBaitul hikmat,
_c1983.
300 _a96p.
365 _b50.00
_cINR
942 _2CC
_cTB
_n0
999 _c1466091
_d1466091